Quiz sur la Seine-Saint-Denis - Statistiques

Statistiques générales
  • Ce quiz a été pris 128 fois
  • Le résultat moyen est 13 sur 20
Statistiques - réponses
Question Réponse % Correct
Numéro du département 93
98%
Région Ile-de-France
98%
Sous-préfecture et plus grande ville Saint-Denis
92%
Départements limitrophes Paris
86%
Préfecture Bobigny
84%
Seine-et-Marne
83%
Val-de-Marne
78%
Infrastructure de Seine-Saint-Denis inaugurée en 1998 pouvant accueillir 80 698 spectateurs. Stade de France
76%
Hauts-de-Seine
74%
Val-d'Oise
73%
Deuxième ville du département, considérée comme le 21ème arrondissement de Paris. Montreuil
68%
Slameur né au Blanc-Mesnil. Grand Corps Malade
64%
Édifice accueillant la plupart des tombaux des rois de France Basilique de Saint-Denis
58%
Lieu de transit du département accueillant plus de 70 millions de personnes par an. Aéroport de Roissy-Charles-de-Gaulle
53%
Autre sous-préfecture Le Raincy
53%
Premier marché de l'art et de l'antiquité du monde. Marché aux puces de Saint-Ouen
45%
Celui nommé Georges-Valbon est le troisième plus grand de la région. Parc
44%
Fruits dont la culture était réalisée à l'aide de murs sur près de 600 kilomètres dans le département au XIXème siècle. Pêches
28%
Gentilé Séquano-Dionysiens
22%
Nombre d'habitants (arrondi à la dizaine de milliers d'habitants) 1 630 000 (1 632 677)
17%
Aucun quiz correspondant
Distribution des résultats
% des personnes avec chaque résultat
Percentile par nombre de réponses
Votre historique - résultats
Vous n’avez pas pris ce quiz